00512nam a22001572 4500001001100000005001700011008004100028020002800069040001500097050002200112100004000134245006900174260004100243300001800284650005200302000000583520151217152006.0070718s xx 000 0 eng d a0821345249 :cKES 1,250 aKABUcKABU 0aHG178.33b.D44R631 aRobinson, Marguerite S.@000015706814aThe Microfinance revolution :bsustainable finance for the poor. aWashington, DC :bWorld Bank,c2001. axlvii, 304 p. 0aMicrofinancezDeveloping countries.@0000157069